German Endings - Statistics

General Stats
  • This quiz has been taken 15 times
  • The average score is 8 of 12
Answer Stats
Case Gender Article % Correct
Nominative Masculine ein
100%
Nominative Feminine eine
100%
Nominative Neuter ein
92%
Accusative Neuter ein
67%
Accusative Feminine eine
67%
Dative Masculine einem
67%
Accusative Masculine einen
67%
Dative Feminine einer
67%
Dative Neuter einen
58%
Nominative Plural keine
25%
Accusative Plural keine
25%
Dative Plural keinem
25%
No matching quizzes found
Score Distribution
Percent of People with Each Score
Percentile by Number Answered
Your Score History
You have not taken this quiz